[Т.] 2; Пион-нуклонные и нуклон-нуклонные взаимодействия
| Parent link: | Пион-нуклонные и нуклон-нуклонные взаимодействия=Pion-Nucleon and Nucleon-Nucleon Physics: Труды третьего международного симпозиума, Гатчина, апрель 17-22, 1989 г./ Академия наук СССР (АН СССР), Ленинградский институт ядерной физики им. В. П. Константинова (ЛИЯФ) ; Пион-нуклонные и нуклон-нуклонные взаимодействия. [Т.] 2.— , 1989- |
|---|---|
| Jazyk: | ruština angličtina |
| Vydáno: |
1989
|
| Témata: | |
| Médium: | MixedMaterials Kniha |
| KOHA link: | https://koha.lib.tpu.ru/cgi-bin/koha/opac-detail.pl?biblionumber=218681 |
MARC
| LEADER | 00000nam2a2200000 4500 | ||
|---|---|---|---|
| 001 | 218681 | ||
| 005 | 20231031194932.0 | ||
| 035 | |a (RuTPU)RU\TPU\book\238711 | ||
| 035 | |a RU\TPU\book\238707 | ||
| 090 | |a 218681 | ||
| 100 | |a 20120625d1989 k y0rusy50 ca | ||
| 101 | 0 | |a rus |a eng | |
| 102 | |a RU | ||
| 105 | |a a z 001zy | ||
| 200 | 0 | |a [Т.] 2 | |
| 210 | |d 1989 | ||
| 215 | |a 450 с. |c ил. | ||
| 320 | |a Библиогр. в конце ст. | ||
| 461 | 1 | |0 (RuTPU)RU\TPU\book\238471 |t Пион-нуклонные и нуклон-нуклонные взаимодействия |l Pion-Nucleon and Nucleon-Nucleon Physics |o Труды третьего международного симпозиума, Гатчина, апрель 17-22, 1989 г. |o [в 2 т.] |f Академия наук СССР (АН СССР), Ленинградский институт ядерной физики им. В. П. Константинова (ЛИЯФ) ; Пион-нуклонные и нуклон-нуклонные взаимодействия |v [Т.] 2 |d 1989- | |
| 610 | 1 | |a ядерная физика | |
| 610 | 1 | |a пионы | |
| 610 | 1 | |a нуклоны | |
| 610 | 1 | |a взаимодействия | |
| 675 | |a 539.125.17(063) |v 3 | ||
| 801 | 1 | |a RU |b 63413507 |c 20120625 | |
| 801 | 2 | |a RU |b 63413507 |c 20120625 |g RCR | |
| 942 | |c BK | ||